000 00642nam a2200205Ia 4500
003 IN-BaIIA
008 211028s9999 xx 000 0 eng d
020 _a0-19-509019-5
040 _cIIA Library
080 _a535.317
_bHAR
100 _aHardy, John W.
_930581
245 0 _aAdaptive optics for astronomical telescopes
_cJohn W. Hardy
260 _aNew York
_bOxford University Press
_c1998
300 _ax, 438p.
490 _aOxford series in optical and imaging science; 16
650 _aAdaptive
_930582
650 _aAstronomical telescope
_930583
650 _aOptics
942 _cBK
999 _c16478
_d16478